A treasury of favorite Muslim names /

محفوظ في:

المؤلف الرئيسي: Hakeem, Ahmed Abdul (مؤلف)

التنسيق: كتاب

اللغة: English

منشور في: Chicago, Ill. : Pearl Publications, c1997.

الطبعة: 1st pbk. ed.

الموضوعات:

الوسوم: إضافة وسم

لا توجد وسوم, كن أول من يضع وسما على هذه التسجيلة!

رقم الطلب: CS2377 .H34 1997

LEADER 00965nam a2200265 a 4500
001 3191
003 OSt
005 20240911113851.0
008 130303s1997 ilu 000 0 eng d
952 |0 0  |1 0  |2 lcc  |4 0  |6 CS2377 H34 01997  |7 1  |9 4710  |a ARCE  |b ARCE  |d 2020-08-10  |l 0  |o CS2377 .H34 1997  |p 1010181  |r 2020-08-10 00:00:00  |w 2020-08-10  |y BK 
999 |c 8297  |d 8297 
010 |a 97221981 
020 |a 0964113074 
040 |c ARCE Library 
050 4 |a CS2377 .H34 1997 
100 1 |a Hakeem, Ahmed Abdul,  |e author  |9 31369 
245 1 2 |a A treasury of favorite Muslim names /  |c Ahmed Abdul Hakeem ; foreword by Mohammed Abdus Sattar Khan. 
250 |a 1st pbk. ed. 
264 1 |a Chicago, Ill. :  |b Pearl Publications,  |c c1997. 
300 |a xxv, 224 pages ;  |c 23 cm. 
504 |a Includes bibliographical references (pages [218]-220) and index. 
546 |a Names given in English and Arabic. 
650 0 |a Names, Personal  |x Arabic  |x Dictionaries. 
901 |a reviewed 
942 |c BK  |2 lcc